| 000 | 00604nam a2200133Ia 4500 | ||
|---|---|---|---|
| 008 | 220216s9999 xx 000 0 und d | ||
| 100 | _aPillay P.N.R. | ||
| 245 | 0 | _aProblems of plant protection in rubber smallholdings in India | |
| 260 |
_bIn: Progress and development of rubber smallholders: Proceedings of the Third Seminar, 24-30 November 1977, Cochin, India. (Eds. Sumardi Reksopoetranto and G.S. Tan). Association of Natural Rubber Producing Countries, Kuala Lumpur, Malaysia, pp. 187-190. _c1979 |
||
| 650 | _aPlant protection | ||
| 650 | _aSmallholdings | ||
| 700 | _aEdathil T.T. | ||
| 942 | _cBS | ||
| 999 |
_c49850 _d49850 |
||